League of Nations Mandates and UN Trust Territories - Statistics

General Stats
  • This quiz has been taken 14 times
  • The average score is 17 of 24
Answer Stats
Territory Years Administrating Power % Correct
Federation of the Autonomous States of Syria 1922-1925 France
100%
State of Syria 1925-1930 France
100%
Syrian Republic 1930-1945 France
100%
Amirate of Trans-Jordan 1921-1946 United Kingdom
91%
Kingdom of Iraq 1920-1932 United Kingdom
91%
Palestine 1920-1948 United Kingdom
91%
British Cameroons 1916-1961 United Kingdom
82%
South West Africa 1915-1966 South Africa
82%
Territory of Cameroun 1916-1960 France
82%
Lebanese Republic 1920-1943 France
73%
Territory of New Guinea 1914-1975 Australia
73%
Territory of Western Samoa 1920-1962 New Zealand
73%
Trust Territory of Somaliland under Italian Administration 1950-1960 Italy
73%
Trust Territory of the Pacific Islands 1947-1994 United States
73%
Tanganyika Territory 1916-1961 United Kingdom
64%
Territory of British Togoland 1916-1956 United Kingdom
64%
Territory of Ruanda-Urundi 1916-1962 Belgium
64%
Territory of Togoland 1916-1960 France
64%
Japanese Mandate for the Governance of the South Seas Islands 1919-1947 Japan
55%
Territory of Nauru 1914-1968 Australia, New Zealand and the United Kingdom
55%
Alawite State 1920-1936 France
36%
State of Aleppo 1920-1925 France
36%
State of Damascus 1920-1925 France
36%
State of Jabal al-Druze 1921-1936 France
36%
No matching quizzes found
Score Distribution
Percent of People with Each Score
Percentile by Number Answered
Your Score History
You have not taken this quiz